00246nam a2200097 a 4500008004100000050001100041100001900052245005900071260000900130350000900139120416s1999 xx |||||||||||||| || u aTHESIS aChatta, George12aA look at the performance of management buyouts (MBOs) c1999 a0.00